Name that Anime Quiz - Statistics

General Stats
  • This quiz has been taken 75 times
  • The average score is 27 of 51
Answer Stats
Picture Answer % Correct
Demon Slayer
100%
Death Note
98%
One Piece
97%
Jujutsu Kaisen
94%
Attack on Titan
90%
Haikyuu
86%
Blue Lock
79%
Mob Psycho 100
79%
The Promised Neverland
78%
Soul Eater
71%
Black Butler
70%
Bleach
70%
Silent Voice
68%
Tokyo Ghoul
68%
Hunter x Hunter
67%
Neon Genesis Evangelion
67%
Cowboy Bebop
65%
Nana
65%
Kakegurui
62%
Blue Exorcist
57%
Horimiya
57%
Re: Zero
57%
DanDaDan
54%
Frieren
54%
Yuri on Ice
54%
Banana Fish
52%
One Punch Man
52%
Sakamoto Days
52%
The Apothecary Diaries
52%
Classroom of the Elite
48%
The Summer Hikaru Died
46%
Danganronpa
44%
Fruits Basket
44%
Gachiakuta
43%
Bocchi the Rock
41%
Call of the Night
41%
Sk8
41%
Blue Box
37%
Given
37%
Toilet Bound Hanako Kun
35%
Bungo Stray Dogs
32%
Kimi Ni Todoke
32%
Nichijou
30%
Takopi's Original Sin
25%
Bakuman
19%
Hetalia
17%
Asobi Asobase
13%
FLCL
13%
The Case Study of Vanitas
13%
Ajin
11%
Blue Period
8%
No matching quizzes found
Score Distribution
Percent of People with Each Score
Percentile by Number Answered
Your Score History
You have not taken this quiz